[Event "16. Obert Internacional Sant Martí 2014"]
[Site "Barcelona ESP"]
[Date "2014.07.13"]
[Round "1.24"]
[White "Hapala, Elisabeth"]
[Black "Gomez Ledo, Roberto Carlos"]
[Result "0-1"]
[WhiteElo "2068"]
[BlackElo "2429"]
[PlyCount "140"]
[EventDate "2014.07.13"]
[EventType "swiss"]
[EventRounds "9"]
[EventCountry "ESP"]
[Source "lmi"]
[SourceDate "2014.07.13"]

1. e4 d6 2. d4 Nf6 3. Nc3 e5 4. dxe5 dxe5 5. Qxd8+ Kxd8 6. Bg5 Be6 7. O-O-O+
Nbd7 8. f4 exf4 9. Nf3 Kc8 10. Bxf4 Nh5 11. Be3 Bd6 12. Ng5 Bf4 13. Bxf4 Nxf4
14. g3 Ng6 15. Nxe6 fxe6 16. Bh3 Re8 17. Rd2 a5 18. Rhd1 Nge5 19. Ne2 Ra6 20.
Nf4 Kd8 21. Nh5 Rg8 22. Nf4 Ke7 23. Nd3 Rf8 24. Nxe5 Nxe5 25. Rf1 Rxf1+ 26.
Bxf1 Ra8 27. Rf2 Rd8 28. c3 Rd3 29. Kc2 Rd8 30. Be2 Nd7 31. Bf1 Nc5 32. Bg2 Nd3
33. Re2 Ne5 34. Rd2 Rxd2+ 35. Kxd2 Nc4+ 36. Kc1 Ne3 37. Bh3 Kd6 38. Kd2 Nc4+
39. Kc1 Ke5 40. b3 Nd6 41. Kc2 Nxe4 42. Bg2 b6 43. Kd3 Nd6 44. a4 c5 45. Bc6
Kf5 46. Bd7 Nf7 47. Bc8 h6 48. Ke2 Kf6 49. Bb7 Ke5 50. Kd3 g5 51. Bc6 Nd6 52.
Ke3 Kf6 53. Kd3 Kf5 54. Bd7 Nf7 55. Bc8 Kf6 56. Ke2 Nd6 57. Bd7 c4 58. bxc4
Nxc4 59. Bb5 Nd6 60. Bc6 Ke5 61. Kd3 h5 62. Bf3 h4 63. gxh4 gxh4 64. Bg4 Kd5
65. Bf3+ Kc5 66. Bg4 e5 67. Be6 Nb7 68. Bc8 Kc6 69. Bxb7+ Kxb7 70. Ke4 b5 0-1

[Event "16. Obert Internacional Sant Martí 2014"]
[Site "Barcelona ESP"]
[Date "2014.07.13"]
[Round "1.25"]
[White "Lorenzo De La Riva, Lazaro"]
[Black "Benet Morant, Damia"]
[Result "1/2-1/2"]
[WhiteElo "2426"]
[BlackElo "2048"]
[PlyCount "102"]
[EventDate "2014.07.13"]
[EventType "swiss"]
[EventRounds "9"]
[EventCountry "ESP"]
[Source "lmi"]
[SourceDate "2014.07.13"]

1. d4 Nf6 2. c4 g6 3. Nc3 Bg7 4. e4 d6 5. Nf3 O-O 6. Be2 e5 7. Be3 Nc6 8. d5
Ne7 9. Nd2 Ne8 10. O-O f5 11. f3 f4 12. Bf2 g5 13. c5 Ng6 14. Nc4 Bf6 15. cxd6
Nxd6 16. Nxd6 cxd6 17. a4 Rf7 18. Nb5 g4 19. fxg4 a6 20. Na3 Bh4 21. Nc4 Rg7
22. Ra3 Bd7 23. Qe1 Be8 24. Qb4 Bxa4 25. Nb6 a5 26. Rxa4 Ra6 27. Rxa5 Bxf2+ 28.
Rxf2 Qxb6 29. Qxb6 Rxb6 30. Rb5 Rxb5 31. Bxb5 Rc7 32. g3 Kg7 33. Kg2 fxg3 34.
hxg3 h6 35. Bd3 Ne7 36. g5 hxg5 37. Be2 Rc2 38. Bg4 Rxf2+ 39. Kxf2 Ng8 40. Bc8
b6 41. Ke3 Kf8 42. Kd3 Ke7 43. Bf5 Kd8 44. g4 Kc7 45. Kc4 Nf6 46. Kb5 Kb7 47.
b3 Ng8 48. b4 Nf6 49. Kc4 Kc7 50. Kb5 Kb7 51. Kc4 Kc7 1/2-1/2

[Event "16. Obert Internacional Sant Martí 2014"]
[Site "Barcelona ESP"]
[Date "2014.07.13"]
[Round "1.26"]
[White "Mokal, Amruta Sunil"]
[Black "Oliva Castaneda, Kevel"]
[Result "1/2-1/2"]
[WhiteElo "2046"]
[BlackElo "2419"]
[PlyCount "39"]
[EventDate "2014.07.13"]
[EventType "swiss"]
[EventRounds "9"]
[EventCountry "ESP"]
[Source "lmi"]
[SourceDate "2014.07.13"]

1. e4 c5 2. Nf3 e6 3. d4 cxd4 4. Nxd4 Nc6 5. Nc3 Qc7 6. g3 a6 7. Bg2 d6 8. O-O
Bd7 9. Re1 Be7 10. Nxc6 Bxc6 11. a4 Nf6 12. Bf4 Nd7 13. Nd5 Bxd5 14. exd5 e5
15. Be3 a5 16. Ra3 O-O 17. Rc3 Qb8 18. Qd3 Nf6 19. Qb5 Rc8 20. Bh3 1/2-1/2

[Event "16. Obert Internacional Sant Martí 2014"]
[Site "Barcelona ESP"]
[Date "2014.07.13"]
[Round "1.27"]
[White "Perez Mitjans, Orelvis"]
[Black "Guix Torres, David"]
[Result "1-0"]
[WhiteElo "2414"]
[BlackElo "2045"]
[PlyCount "95"]
[EventDate "2014.07.13"]
[EventType "swiss"]
[EventRounds "9"]
[EventCountry "ESP"]
[Source "lmi"]
[SourceDate "2014.07.13"]

1. e4 e5 2. Nf3 Nc6 3. d4 exd4 4. Bc4 Nf6 5. e5 d5 6. Bb5 Ne4 7. Nxd4 Bc5 8.
O-O O-O 9. Bxc6 bxc6 10. Be3 Qe8 11. c3 f6 12. exf6 Rxf6 13. Nd2 Bxd4 14. Bxd4
Nxd2 15. Qxd2 Re6 16. Rfe1 Qg6 17. f3 a5 18. a4 Bd7 19. Rxe6 Bxe6 20. b4 h6 21.
Qf4 Rf8 22. Qxc7 axb4 23. cxb4 Bh3 24. Qg3 Qxg3 25. hxg3 Bc8 26. b5 cxb5 27.
axb5 Bd7 28. b6 Bc6 29. Rc1 Bb7 30. Kf2 Rc8 31. Rxc8+ Bxc8 32. Ke3 Kf7 33. Kf4
g6 34. Ke5 Ke7 35. Kxd5 Kd7 36. g4 Ba6 37. Be3 h5 38. gxh5 gxh5 39. Bf2 Bf1 40.
g3 Bg2 41. Ke4 Kc6 42. Kf4 Kd7 43. Bd4 Kc6 44. g4 hxg4 45. fxg4 Kd6 46. g5 Ke6
47. g6 Bb7 48. Kg5 1-0

[Event "16. Obert Internacional Sant Martí 2014"]
[Site "Barcelona ESP"]
[Date "2014.07.13"]
[Round "1.28"]
[White "Ventura Bolet, Maxim"]
[Black "Cori T., Deysi"]
[Result "0-1"]
[WhiteElo "2044"]
[BlackElo "2414"]
[PlyCount "62"]
[EventDate "2014.07.13"]
[EventType "swiss"]
[EventRounds "9"]
[EventCountry "ESP"]
[Source "lmi"]
[SourceDate "2014.07.13"]

1. Nf3 Nf6 2. g3 d5 3. Bg2 c6 4. O-O Bg4 5. d4 e6 6. b3 Nbd7 7. Bb2 Be7 8. c4
O-O 9. Nbd2 Bh5 10. Qe1 c5 11. cxd5 Nxd5 12. Nc4 cxd4 13. Bxd4 Rc8 14. Qd2 Bb4
15. Qb2 b5 16. Nce5 Nxe5 17. Bxe5 f6 18. a3 Ba5 19. b4 Bb6 20. Bd4 e5 21. Bc5
Bxc5 22. bxc5 Rxc5 23. Rad1 e4 24. Nd4 Bf7 25. Nb3 Rc4 26. Nd2 Nc3 27. Rde1 Na4
28. Qxb5 Qxd2 29. Rd1 Qxe2 30. Rfe1 Nc3 31. Qa6 Qb2 0-1

[Event "16. Obert Internacional Sant Martí 2014"]
[Site "Barcelona ESP"]
[Date "2014.07.13"]
[Round "1.29"]
[White "Cruz, Filemon"]
[Black "Castillo Escario, Yolanda"]
[Result "1-0"]
[WhiteElo "2412"]
[BlackElo "2029"]
[PlyCount "91"]
[EventDate "2014.07.13"]
[EventType "swiss"]
[EventRounds "9"]
[EventCountry "ESP"]
[Source "lmi"]
[SourceDate "2014.07.13"]

1. d4 d5 2. Nf3 Nf6 3. c4 c6 4. e3 e6 5. Qc2 Bd6 6. b3 O-O 7. Bb2 Nbd7 8. Nbd2
Re8 9. Ne5 Qc7 10. f4 Bb4 11. Bd3 Qa5 12. a3 Bxd2+ 13. Qxd2 Qxd2+ 14. Kxd2 Ne4+
15. Ke2 f5 16. Rag1 Ndf6 17. g3 Re7 18. a4 c5 19. h3 cxd4 20. Bxd4 Nh5 21. Bxe4
fxe4 22. cxd5 exd5 23. g4 Nf6 24. Rc1 b6 25. Nc6 Ba6+ 26. Kd2 Rf7 27. Bxf6 gxf6
28. Nd4 Rc8 29. Rxc8+ Bxc8 30. Rc1 Ba6 31. Rc6 Kg7 32. Rd6 Bb7 33. Ne6+ Kg6 34.
f5+ Kh6 35. Nd8 Rc7 36. h4 Bc8 37. Rxf6+ Kg7 38. g5 Rd7 39. Nc6 Rc7 40. Nd4 Rf7
41. Rxf7+ Kxf7 42. Ke2 Bd7 43. Kf2 a6 44. Kg3 Ke7 45. Kf4 Kd6 46. h5 1-0

[Event "16. Obert Internacional Sant Martí 2014"]
[Site "Barcelona ESP"]
[Date "2014.07.13"]
[Round "1.30"]
[White "Sonis, Francesco"]
[Black "Palit, Somak"]
[Result "0-1"]
[WhiteElo "2029"]
[BlackElo "2411"]
[PlyCount "96"]
[EventDate "2014.07.13"]
[EventType "swiss"]
[EventRounds "9"]
[EventCountry "ESP"]
[Source "lmi"]
[SourceDate "2014.07.13"]

1. d4 e6 2. c4 b6 3. Nf3 Bb7 4. Nc3 d6 5. e4 Nd7 6. Be2 g6 7. Bg5 Ne7 8. O-O
Bg7 9. Qd2 h6 10. Be3 g5 11. Ne1 Ng6 12. Nd3 e5 13. d5 Nf6 14. b4 Nf4 15. Rac1
Bc8 16. c5 O-O 17. f3 Ne8 18. cxb6 cxb6 19. b5 f5 20. Nb4 Nxe2+ 21. Qxe2 f4 22.
Bf2 Nf6 23. Nb1 g4 24. Bh4 gxf3 25. Qxf3 Qe8 26. Rc7 Rf7 27. Rfc1 Bg4 28. Qd3
Nd7 29. Qc4 Nc5 30. Rxf7 Qxf7 31. Nd2 f3 32. Rf1 Qh5 33. g3 Rf8 34. Rf2 Rf7 35.
Nc6 Bf8 36. Qf1 Qg6 37. Qc4 Kh7 38. Nd8 Rd7 39. Nc6 Bg7 40. Ne7 Qh5 41. Nc6 Rf7
42. Qf1 Qg6 43. Qc4 Bf6 44. Bxf6 Qxf6 45. Qf1 Qg6 46. Qc4 h5 47. h4 Bh3 48. Kh2
Bg2 0-1

[Event "16. Obert Internacional Sant Martí 2014"]
[Site "Barcelona ESP"]
[Date "2014.07.13"]
[Round "1.31"]
[White "Aloma Vidal, Robert"]
[Black "Marchador Villalba, Jordi"]
[Result "1-0"]
[WhiteElo "2406"]
[BlackElo "2025"]
[PlyCount "84"]
[EventDate "2014.07.13"]
[EventType "swiss"]
[EventRounds "9"]
[EventCountry "ESP"]
[Source "lmi"]
[SourceDate "2014.07.13"]

1. d4 Nf6 2. Bg5 e6 3. e4 h6 4. Bxf6 Qxf6 5. c3 c5 6. Nf3 cxd4 7. cxd4 Bb4+ 8.
Nc3 a6 9. Bd3 Nc6 10. e5 Qd8 11. O-O d5 12. Rc1 Bd7 13. a3 Be7 14. Na4 b6 15.
b4 a5 16. b5 Na7 17. Qb3 O-O 18. Nc3 Qe8 19. a4 Rc8 20. Ne2 Bb4 21. Bb1 Qe7 22.
Qd3 g6 23. h4 Rxc1 24. Rxc1 Rc8 25. Rxc8+ Nxc8 26. Nf4 Kf8 27. Qe3 Ke8 28. Nd3
Qf8 29. Nh2 Be7 30. g3 Qg7 31. Kg2 Kd8 32. Qc1 f5 33. exf6 Bxf6 34. Nf3 Bxd4
35. Nxd4 Qxd4 36. Qxh6 Qe4+ 37. Kh2 Ne7 38. Qf8+ Be8 39. Qf6 Qf5 40. Qb2 Qf3
41. Qe5 Bd7 42. Qd6 Nc8 1-0

[Event "16. Obert Internacional Sant Martí 2014"]
[Site "Barcelona ESP"]
[Date "2014.07.13"]
[Round "1.32"]
[White "Ramon Serrano, Francisco Javier"]
[Black "Martinez Romero, Martin"]
[Result "0-1"]
[WhiteElo "2022"]
[BlackElo "2401"]
[PlyCount "120"]
[EventDate "2014.07.13"]
[EventType "swiss"]
[EventRounds "9"]
[EventCountry "ESP"]
[Source "lmi"]
[SourceDate "2014.07.13"]

1. d4 Nf6 2. Nf3 g6 3. g3 Bg7 4. Bg2 O-O 5. O-O d6 6. c4 c6 7. Nc3 Qb6 8. c5
dxc5 9. Na4 Qb5 10. Nxc5 Na6 11. Nxa6 Qxa6 12. Re1 Bf5 13. Bf4 Rfd8 14. Qb3 Be6
15. Qc2 Nd5 16. Bd2 Qb6 17. e3 Rac8 18. Rac1 h6 19. a3 c5 20. dxc5 Qxb2 21. Nd4
Qxc2 22. Rxc2 Bxd4 23. exd4 Kg7 24. Bxd5 Rxd5 25. Be3 Rd7 26. Rb2 Bd5 27. f4
Rc6 28. Bf2 Ra6 29. Re3 Ra4 30. Rb4 Ra6 31. g4 Rc6 32. h3 e6 33. Kh2 f5 34.
gxf5 exf5 35. h4 Be4 36. Be1 Kf7 37. Bc3 Re6 38. Ra4 a6 39. Rb4 Bc6 40. Re5
Rxe5 41. fxe5 g5 42. hxg5 hxg5 43. Rb2 f4 44. Kg1 g4 45. Rf2 f3 46. Kh2 Ke6 47.
Kg3 Kf5 48. Rh2 Ke4 49. Be1 Kxd4 50. Kxg4 Kxe5 51. Rb2 Ke4 52. Kg3 Rg7+ 53. Kh2
Kd3 54. Rd2+ Kc4 55. Rc2+ Kb3 56. Rc3+ Kb2 57. Rd3 Rg2+ 58. Kh3 Re2 59. Bg3 f2
60. Rd1 f1=Q+ 0-1

[Event "16. Obert Internacional Sant Martí 2014"]
[Site "Barcelona ESP"]
[Date "2014.07.13"]
[Round "1.33"]
[White "Sanchez Enriquez, Oscar Gerard"]
[Black "Castrillo Mansego, Pablo"]
[Result "1-0"]
[WhiteElo "2401"]
[BlackElo "2013"]
[PlyCount "121"]
[EventDate "2014.07.13"]
[EventType "swiss"]
[EventRounds "9"]
[EventCountry "ESP"]
[Source "lmi"]
[SourceDate "2014.07.13"]

1. Nf3 Nf6 2. d4 g6 3. c4 Bg7 4. Nc3 d6 5. Bg5 Bg4 6. e3 Nbd7 7. Be2 O-O 8. O-O
c5 9. d5 Bxf3 10. Bxf3 Ne5 11. Be2 Qd7 12. Bxf6 exf6 13. f4 Rae8 14. fxe5 Rxe5
15. e4 Rfe8 16. Bd3 a6 17. Qd2 Rg5 18. Rf3 h5 19. Raf1 Qe7 20. Kh1 Qe5 21. Qf2
Re7 22. a4 b6 23. Rg3 h4 24. Rh3 Rh5 25. Rxh4 Rxh4 26. Qxh4 Qd4 27. Be2 Qd2 28.
Rb1 Re5 29. Qe1 Qf4 30. Qg3 Qd2 31. Qd3 Qh6 32. Rf1 f5 33. Qf3 Qd2 34. exf5
Rxf5 35. Qd3 Qxb2 36. Rxf5 gxf5 37. Nd1 Qa2 38. Bh5 Qxa4 39. Qxf5 f6 40. Qe6+
Kh8 41. Qe8+ Qxe8 42. Bxe8 f5 43. g3 Bd4 44. Bd7 Kg7 45. Bxf5 b5 46. Bd3 bxc4
47. Bxc4 a5 48. Kg2 Kf6 49. Kf3 Ke5 50. Ne3 Bb2 51. Nc2 a4 52. g4 Bc1 53. h4 a3
54. g5 Bxg5 55. hxg5 Kf5 56. Nxa3 Kxg5 57. Nb5 Kf6 58. Nxd6 Ke5 59. Nb5 Kf6 60.
d6 Kg7 61. d7 1-0

[Event "16. Obert Internacional Sant Martí 2014"]
[Site "Barcelona ESP"]
[Date "2014.07.13"]
[Round "1.35"]
[White "Das, Sayantan"]
[Black "Inouss, Badr"]
[Result "1-0"]
[WhiteElo "2381"]
[BlackElo "2008"]
[PlyCount "63"]
[EventDate "2014.07.13"]
[EventType "swiss"]
[EventRounds "9"]
[EventCountry "ESP"]
[Source "lmi"]
[SourceDate "2014.07.13"]

1. e4 c5 2. Nc3 d6 3. f4 e6 4. Nf3 d5 5. Bb5+ Bd7 6. Bxd7+ Qxd7 7. exd5 exd5 8.
Qe2+ Kd8 9. Ne5 Qe6 10. f5 Qe8 11. Nxd5 f6 12. Nf3 Qxe2+ 13. Kxe2 Bd6 14. d4 c4
15. Ne3 b5 16. a4 Bf4 17. axb5 Bxe3 18. Bxe3 Ne7 19. b6 Nbc6 20. d5 Nxd5 21.
Rhd1 Ncb4 22. Bc5 Kc8 23. bxa7 Nxc2 24. Ra4 Re8+ 25. Kd2 Nce3 26. Re1 Kb7 27.
Bxe3 Nxe3 28. Rxe3 Rxe3 29. Kxe3 Kb6 30. Nd4 g6 31. Rb4+ Ka6 32. Nc6 1-0

[Event "16. Obert Internacional Sant Martí 2014"]
[Site "Barcelona ESP"]
[Date "2014.07.13"]
[Round "1.36"]
[White "Nadal Fajardo, Ricard"]
[Black "Alarcon Casellas, Rolando"]
[Result "0-1"]
[WhiteElo "1999"]
[BlackElo "2378"]
[PlyCount "60"]
[EventDate "2014.07.13"]
[EventType "swiss"]
[EventRounds "9"]
[EventCountry "ESP"]
[Source "lmi"]
[SourceDate "2014.07.13"]

1. e4 c5 2. Nf3 e6 3. d4 cxd4 4. Nxd4 a6 5. Nc3 Qc7 6. Bd3 g6 7. O-O Bg7 8. Be3
Ne7 9. Qd2 O-O 10. Be2 b5 11. a3 Bb7 12. Bh6 d5 13. Bxg7 Kxg7 14. exd5 Nxd5 15.
Bf3 Rd8 16. Nxd5 Bxd5 17. Bxd5 Rxd5 18. c3 Nc6 19. Qe3 Nxd4 20. cxd4 Rad8 21.
Rac1 Qd6 22. Qf3 Qb6 23. g3 Qxd4 24. Qc3 Qxc3 25. Rxc3 Rd2 26. Rc6 a5 27. Rb1
R8d3 28. b4 Rxa3 29. bxa5 Rxa5 30. Rc5 Raa2 0-1

[Event "16. Obert Internacional Sant Martí 2014"]
[Site "Barcelona ESP"]
[Date "2014.07.13"]
[Round "1.37"]
[White "Sanchez, Sebastian Felipe"]
[Black "Masferrer Niubo, Enric"]
[Result "1/2-1/2"]
[WhiteElo "2375"]
[BlackElo "1996"]
[PlyCount "100"]
[EventDate "2014.07.13"]
[EventType "swiss"]
[EventRounds "9"]
[EventCountry "ESP"]
[Source "lmi"]
[SourceDate "2014.07.13"]

1. e4 e5 2. Nf3 Nc6 3. Bb5 a6 4. Ba4 Nf6 5. Qe2 b5 6. Bb3 Be7 7. c3 d6 8. O-O
O-O 9. Rd1 Na5 10. Bc2 c5 11. d3 Qc7 12. Nbd2 Re8 13. Nf1 Bb7 14. Bg5 Nd7 15.
Bxe7 Rxe7 16. Ne3 g6 17. b4 cxb4 18. cxb4 Nc6 19. Nd5 Qd8 20. Qd2 Re8 21. Qh6
Nd4 22. Nxd4 exd4 23. Bb3 Bxd5 24. Bxd5 Ra7 25. Rac1 Re5 26. Rc6 Rh5 27. Qf4
Ne5 28. Rc2 Rh4 29. Qg3 Qf6 30. h3 Rf4 31. Rc8+ Kg7 32. Rd8 g5 33. Rc8 h5 34.
f3 h4 35. Qf2 g4 36. hxg4 Nxg4 37. Qb2 Ne3 38. Rdc1 h3 39. R1c7 Rxc7 40. Rxc7
Qe5 41. Qf2 Qg5 42. g3 Nxd5 43. exd5 Rf6 44. f4 Qxd5 45. Kh2 Qe6 46. Qxd4 Qe2+
47. Kxh3 Qh5+ 48. Kg2 Qe2+ 49. Kg1 Qe1+ 50. Kg2 Qe2+ 1/2-1/2

[Event "16. Obert Internacional Sant Martí 2014"]
[Site "Barcelona ESP"]
[Date "2014.07.13"]
[Round "1.38"]
[White "Yapar, Nedim"]
[Black "Cruz Lledo, Pablo"]
[Result "0-1"]
[WhiteElo "1971"]
[BlackElo "2373"]
[PlyCount "90"]
[EventDate "2014.07.13"]
[EventType "swiss"]
[EventRounds "9"]
[EventCountry "ESP"]
[Source "lmi"]
[SourceDate "2014.07.13"]

1. e4 c6 2. d4 d5 3. e5 c5 4. c4 cxd4 5. Qxd4 Nc6 6. Qxd5 Qxd5 7. cxd5 Nxe5 8.
Bf4 Ng6 9. Be3 e6 10. dxe6 Bxe6 11. Bb5+ Kd8 12. Nf3 Nf6 13. O-O Bd6 14. Ng5
Ke7 15. Nxe6 fxe6 16. Nd2 a6 17. Be2 Nf4 18. Bf3 N4d5 19. Bd4 Rac8 20. Rac1 Bf4
21. Rxc8 Rxc8 22. Nb3 Kf7 23. g3 Bd6 24. Re1 b6 25. Bg2 g5 26. f3 h5 27. Rc1
Rd8 28. Rc6 a5 29. Bf1 a4 30. Nd2 Be7 31. Rc1 Nb4 32. Be3 Nfd5 33. Bf2 Bf6 34.
Nc4 b5 35. Nb6 Bxb2 36. Rc5 Nxb6 37. Rxb5 N6d5 38. Bc5 Bc3 39. Rb7+ Kf6 40. Ra7
Rc8 41. Bf2 Nxa2 42. Rxa4 Nab4 43. Ra7 e5 44. Kg2 Bd4 45. h4 Rc2 0-1

[Event "16. Obert Internacional Sant Martí 2014"]
[Site "Barcelona ESP"]
[Date "2014.07.13"]
[Round "1.39"]
[White "Akshat, Khamparia"]
[Black "Magallanes, Gustavo"]
[Result "1-0"]
[WhiteElo "2367"]
[BlackElo "1969"]
[PlyCount "69"]
[EventDate "2014.07.13"]
[EventType "swiss"]
[EventRounds "9"]
[EventCountry "ESP"]
[Source "lmi"]
[SourceDate "2014.07.13"]

1. d4 Nf6 2. Bg5 e6 3. e4 h6 4. Bxf6 Qxf6 5. c3 d6 6. Bd3 g6 7. Ne2 Bg7 8. Nd2
Nd7 9. O-O O-O 10. f4 c5 11. f5 e5 12. fxg6 Qxg6 13. Nf3 Bf6 14. Ng3 Nb6 15. a4
c4 16. Bc2 a5 17. Qe2 Bg4 18. Qf2 Nd7 19. Kh1 Bg5 20. Nxg5 Qxg5 21. h3 Bh5 22.
Nf5 Ra6 23. g4 Bg6 24. h4 Qd8 25. Nxh6+ Kg7 26. g5 f6 27. Qg2 fxg5 28. hxg5 Rb6
29. Nf5+ Kg8 30. Rab1 Qe8 31. Rf3 Qe6 32. d5 Qe8 33. Rh3 Nc5 34. Qh2 Nd3 35.
Rh8+ 1-0

[Event "16. Obert Internacional Sant Martí 2014"]
[Site "Barcelona ESP"]
[Date "2014.07.13"]
[Round "1.40"]
[White "Moreno Perez, Norberto"]
[Black "Sardana, Rishi"]
[Result "0-1"]
[WhiteElo "1962"]
[BlackElo "2363"]
[PlyCount "85"]
[EventDate "2014.07.13"]
[EventType "swiss"]
[EventRounds "9"]
[EventCountry "ESP"]
[Source "lmi"]
[SourceDate "2014.07.13"]

1. e4 c5 2. Nf3 d6 3. Bc4 Nf6 4. d3 Nc6 5. O-O g6 6. Bg5 Bg7 7. c3 O-O 8. h3
Na5 9. Bd5 e6 10. Bb3 Nxb3 11. Qxb3 b6 12. Nbd2 Ba6 13. Rfe1 Qc7 14. Rad1 h6
15. Bh4 Nh5 16. Nf1 Bxd3 17. Ng3 c4 18. Qb4 Nf4 19. Nf1 Bxf1 20. Kxf1 Nd3 21.
Rxd3 cxd3 22. Rd1 Qb7 23. Rxd3 Qa6 24. Ke2 Qxa2 25. Be7 Rfc8 26. Nd2 d5 27. Rf3
dxe4 28. Qxe4 Qxb2 29. Qf4 Qb5+ 30. c4 Qe5+ 31. Qxe5 Bxe5 32. g3 Rc7 33. Ba3
Rd8 34. Re3 Bg7 35. Re4 Rcd7 36. Nf3 Rd3 37. Bc1 a5 38. Be3 Rb3 39. c5 bxc5 40.
Rc4 Rc3 41. Ra4 Rc2+ 42. Kf1 Rd1+ 43. Kg2 0-1

[Event "16. Obert Internacional Sant Martí 2014"]
[Site "Barcelona ESP"]
[Date "2014.07.13"]
[Round "1.41"]
[White "Kholopov, Alexander A"]
[Black "Alfara Ayllon, Jose Luis"]
[Result "1-0"]
[WhiteElo "2339"]
[BlackElo "1942"]
[PlyCount "61"]
[EventDate "2014.07.13"]
[EventType "swiss"]
[EventRounds "9"]
[EventCountry "ESP"]
[Source "lmi"]
[SourceDate "2014.07.13"]

1. d4 d5 2. c4 e6 3. Nc3 Be7 4. cxd5 exd5 5. Bf4 c6 6. Qc2 Nf6 7. e3 O-O 8. Bd3
Nbd7 9. Nf3 Re8 10. O-O Nf8 11. h3 Nh5 12. Be5 Bd6 13. Rab1 Ng6 14. Bxd6 Qxd6
15. b4 Bd7 16. b5 Rac8 17. bxc6 Bxc6 18. Rfc1 Nf6 19. Qb3 a6 20. a4 Re7 21. a5
Rce8 22. Qb4 Qxb4 23. Rxb4 Ne4 24. Bxe4 dxe4 25. Nd2 Rd8 26. Nb3 Nf8 27. d5
Bxd5 28. Rd1 Red7 29. Nc5 f5 30. Nxd7 Rxd7 31. Rxd5 1-0

[Event "16. Obert Internacional Sant Martí 2014"]
[Site "Barcelona ESP"]
[Date "2014.07.13"]
[Round "1.42"]
[White "Matsenko, Elena"]
[Black "Gemy, Jose Daniel"]
[Result "0-1"]
[WhiteElo "1929"]
[BlackElo "2330"]
[PlyCount "40"]
[EventDate "2014.07.13"]
[EventType "swiss"]
[EventRounds "9"]
[EventCountry "ESP"]
[Source "lmi"]
[SourceDate "2014.07.13"]

1. e4 e5 2. Nf3 Nc6 3. Bc4 Bc5 4. c3 Nf6 5. d3 Bb6 6. O-O d6 7. h3 Ne7 8. b4 c6
9. Qe2 Ng6 10. Be3 O-O 11. Nbd2 Nh5 12. Rfd1 Ngf4 13. Bxf4 Nxf4 14. Qf1 Kh8 15.
Kh2 f5 16. Ng1 fxe4 17. dxe4 Nxg2 18. Ndf3 Nf4 19. Rd2 Nxh3 20. Nxe5 Nxg1 0-1

[Event "16. Obert Internacional Sant Martí 2014"]
[Site "Barcelona ESP"]
[Date "2014.07.13"]
[Round "1.43"]
[White "Gurevich, Daniel"]
[Black "Krotiuk, Daria"]
[Result "1-0"]
[WhiteElo "2317"]
[BlackElo "1924"]
[PlyCount "93"]
[EventDate "2014.07.13"]
[EventType "swiss"]
[EventRounds "9"]
[EventCountry "ESP"]
[Source "lmi"]
[SourceDate "2014.07.13"]

1. e4 c5 2. Nf3 Nc6 3. d4 cxd4 4. Nxd4 e6 5. Nc3 Qc7 6. g3 a6 7. Bg2 Nf6 8. O-O
Be7 9. Re1 O-O 10. Nxc6 dxc6 11. e5 Nd5 12. Qf3 b5 13. h4 Bb7 14. Bg5 Nxc3 15.
Qxc3 c5 16. Bxe7 Qxe7 17. Bxb7 Qxb7 18. Rad1 b4 19. Qe3 Qb5 20. Rd6 Rad8 21.
Red1 Rxd6 22. Rxd6 Qa5 23. Qb3 Rd8 24. Qa4 Qc7 25. Qc6 Qb8 26. Qxc5 h6 27.
Rxd8+ Qxd8 28. Qxb4 Qd1+ 29. Kg2 Qxc2 30. Qb8+ Kh7 31. Qb7 Qe2 32. Qxf7 Qxe5
33. Qb7 Qe2 34. Qf3 Qxb2 35. Qd3+ Kh8 36. Qxa6 e5 37. Qa8+ Kh7 38. Qe4+ Kg8 39.
a4 Kf7 40. a5 Qb5 41. Qa8 e4 42. a6 Qd3 43. Qb7+ Kf6 44. a7 Qf3+ 45. Kg1 Qd1+
46. Kh2 Qe1 47. Qb6+ 1-0

[Event "16. Obert Internacional Sant Martí 2014"]
[Site "Barcelona ESP"]
[Date "2014.07.13"]
[Round "1.44"]
[White "Saiz Rodrigo, Fernando"]
[Black "Sagar, Shah"]
[Result "0-1"]
[WhiteElo "1917"]
[BlackElo "2314"]
[PlyCount "60"]
[EventDate "2014.07.13"]
[EventType "swiss"]
[EventRounds "9"]
[EventCountry "ESP"]
[Source "lmi"]
[SourceDate "2014.07.13"]

1. e4 c6 2. Nc3 d5 3. Nf3 Bg4 4. d4 e6 5. h3 Bh5 6. g4 Bg6 7. exd5 exd5 8. Qe2+
Qe7 9. Be3 Nd7 10. O-O-O O-O-O 11. h4 h5 12. g5 Bf5 13. Bg2 Nb6 14. Bh3 Bxh3
15. Rxh3 Nc4 16. Nb1 Qe6 17. Ng1 Bd6 18. Nd2 Ne7 19. Nxc4 dxc4 20. Bd2 Qd5 21.
Bc3 Ng6 22. Qf3 Rde8 23. Qxd5 cxd5 24. Re1 Rxe1+ 25. Bxe1 Re8 26. Kd1 Re4 27.
Nf3 Kd7 28. Bd2 Ke6 29. Be3 Kf5 30. Ke2 Nf4+ 0-1

[Event "16. Obert Internacional Sant Martí 2014"]
[Site "Barcelona ESP"]
[Date "2014.07.13"]
[Round "1.45"]
[White "Gomez Jurado, Luis Alberto"]
[Black "Colom Andres, Xavier"]
[Result "1-0"]
[WhiteElo "2304"]
[BlackElo "1905"]
[PlyCount "29"]
[EventDate "2014.07.13"]
[EventType "swiss"]
[EventRounds "9"]
[EventCountry "ESP"]
[Source "lmi"]
[SourceDate "2014.07.13"]

1. c4 c6 2. g3 d5 3. Nf3 Bg4 4. Bg2 e6 5. O-O Nd7 6. d3 Bd6 7. e4 dxe4 8. dxe4
Qc7 9. Be3 Bc5 10. Bxc5 Nxc5 11. Qd4 Bxf3 12. Bxf3 Nd7 13. Qxg7 Ndf6 14. Qxh8
O-O-O 15. Nc3 1-0

[Event "16. Obert Internacional Sant Martí 2014"]
[Site "Barcelona ESP"]
[Date "2014.07.13"]
[Round "1.47"]
[White "Ruhlmann, Helene"]
[Black "Martinez Alcantara, Jose Eduardo"]
[Result "0-1"]
[WhiteElo "1867"]
[BlackElo "2295"]
[PlyCount "44"]
[EventDate "2014.07.13"]
[EventType "swiss"]
[EventRounds "9"]
[EventCountry "ESP"]
[Source "lmi"]
[SourceDate "2014.07.13"]

1. d4 Nf6 2. Nf3 g6 3. g3 Bg7 4. Bg2 O-O 5. O-O c6 6. c4 d6 7. h3 Nbd7 8. Nc3
e5 9. e4 Qb6 10. dxe5 dxe5 11. Qe2 Re8 12. Be3 Qc7 13. a4 a5 14. c5 Bf8 15. Qc4
Nxc5 16. Ng5 b6 17. Rfe1 h6 18. Bxc5 Bxc5 19. Nf3 Ba6 20. Qb3 Nh5 21. Bf1 Nxg3
22. Bxa6 Rxa6 0-1

[Event "16. Obert Internacional Sant Martí 2014"]
[Site "Barcelona ESP"]
[Date "2014.07.13"]
[Round "1.48"]
[White "Matsenko, Andrei"]
[Black "Quirhuayo, Gonzalo"]
[Result "1/2-1/2"]
[WhiteElo "2294"]
[BlackElo "1858"]
[PlyCount "112"]
[EventDate "2014.07.13"]
[EventType "swiss"]
[EventRounds "9"]
[EventCountry "ESP"]
[Source "lmi"]
[SourceDate "2014.07.13"]

1. e4 c5 2. Nf3 Nc6 3. d4 cxd4 4. Nxd4 e5 5. Nb5 d6 6. c4 Be7 7. N1c3 a6 8. Na3
f5 9. exf5 Bxf5 10. Bd3 Be6 11. O-O Nf6 12. Nc2 O-O 13. Ne3 Qd7 14. b3 Bd8 15.
Ne4 Bb6 16. Ba3 Nxe4 17. Bxe4 Bd4 18. Rb1 Rf6 19. Bb2 Rf4 20. Qd3 g6 21. a3
Bxb2 22. Rxb2 Nd4 23. Nd5 Bxd5 24. Bxd5+ Kg7 25. g3 Rf6 26. f4 Raf8 27. Rbf2 b5
28. fxe5 Rxf2 29. Rxf2 dxe5 30. Rxf8 Kxf8 31. Qe4 Qf5 32. cxb5 Qxe4 33. Bxe4
Nxb5 34. Bd3 Nxa3 35. Bxa6 Nc2 36. Kf2 Ke7 37. Bd3 Nd4 38. b4 Kd6 39. Be4 Nf5
40. g4 Nd4 41. g5 Ne6 42. h4 Kc7 43. Ke3 Kb6 44. Bd5 Nf4 45. Ke4 Ng2 46. Kxe5
Nxh4 47. Be4 Kb5 48. Kf4 Kxb4 49. Kg4 Kc5 50. Kxh4 Kd6 51. Bc2 Ke7 52. Kg4 Kf7
53. Kf4 Kg7 54. Ke5 h6 55. gxh6+ Kxh6 56. Bxg6 Kxg6 1/2-1/2